No Me Leas La Mente #6 - Estadísticas

Estadísticas generales
  • Esta prueba ha sido intentada 59 veces
  • La puntuación promedio es 4 de 10
Estadísticas de respuestas
nº de opciones pregunta respuesta % Correcto
12 Capitales de Europa occidental
95%
8 Premios cinematográficos internacionales
81%
9 Clases de palabras
79%
7 Unidades fundamentales del SI
52%
6 Personajes de Friends
45%
5 Océanos
45%
5 Trópicos de la Tierra
14%
4 Elementos clásicos
12%
4 Miembros de 'Queen'
5%
3 Tipos de roca
2%
No se encontraron pruebas coincidentes
Distribución de puntuación
Porcentaje de gente con cada puntuación
Porcentaje por número respondido
Historial de tus puntuaciones
No has intentado esta prueba.